2020 Busiests Airports in China - Statistics

General Stats
  • This quiz has been taken 106 times
  • The average score is 62 of 100
Answer Stats
Hint Answer % Correct
34,513,827 Beijing (Capital)
100%
16,091,449 Beijing (Daxing)
100%
43,760,427 Guangzhou
99%
31,165,641 Shanghai (Hongqiao)
99%
30,476,531 Shanghai (Pudong)
99%
13,285,478 Tianjin
99%
40,741,509 Chengdu
96%
37,916,059 Shenzhen
96%
12,802,070 Wuhan
96%
31,073,884 Xi'an (Xianyang)
96%
34,937,789 Chongqing
95%
16,710,197 Xiamen
95%
28,224,342 Hangzhou
94%
1,312,180 Dali
93%
8,587,079 Dalian
93%
19,906,576 Nanjing
93%
13,508,687 Harbin
90%
32,989,128 Kunming
89%
14,561,592 Qingdao
89%
19,223,825 Changsha
88%
21,406,709 Zhengzhou
88%
12,384,736 Jinan
87%
10,584,134 Nanning
87%
13,181,452 Shenyang
87%
8,861,811 Fuzhou
86%
8,203,974 Shijiazhuang
86%
8,787,200 Wenzhou
86%
11,152,723 Ürümqi
85%
9,360,541 Changchun
83%
11,126,554 Lanzhou
83%
8,594,344 Hefei
82%
9,013,205 Taiyuan
82%
5,993,519 Wuxi
82%
16,490,216 Haikou
80%
8,971,579 Ningbo
80%
16,583,878 Guiyang
79%
9,426,518 Nanchang
79%
4,351,377 Guilin
77%
15,412,787 Sanya
77%
4,133,192 Lhasa
76%
2,201,097 Xuzhou
74%
6,906,054 Yinchuan
74%
5,791,514 Yantai
73%
959,448 Luoyang
70%
5,862,059 Xining
70%
8,108,674 Hohhot
68%
2,255,238 Changzhou
67%
965,336 Lianyungang
65%
2,515,044 Nantong
63%
5,620,551 Quanzhou
63%
1,179,202 Baotou
61%
2,371,571 Yangzhou
60%
2,231,708 Zhanjiang
60%
1,086,994 Taizhou
57%
745,373 Datong
56%
5,037,158 Lijiang
56%
7,335,646 Zhuhai
56%
1,807,384 Weihai
55%
1,461,715 Ganzhou
54%
1,632,147 Beihai
52%
955,606 Nanyang
52%
1,691,883 Yancheng
52%
1,012,860 Liuzhou
51%
5,285,718 Jieyang
50%
2,890,912 Mianyang
49%
1,326,809 Huai'an
48%
1,846,280 Yichang
48%
1,984,661 Huizhou
46%
1,877,341 Linyi
46%
1,621,591 Yulin
45%
1,638,066 Yuncheng
45%
1,278,388 Zhangjiajie
45%
1,531,287 Zunyi
45%
1,214,621 Xiangyang
44%
1,141,491 Zhoushan
44%
1,366,109 Yiwu
40%
860,850 Hengyang
39%
913,093 Yibin
38%
1,290,608 Chifeng
37%
1,272,042 Kashgar
37%
965,844 Changde
33%
851,505 Tongliao
33%
953,387 Xichang
33%
1,624,263 Luzhou
32%
948,966 Shiyan
32%
932,914 Enshi
31%
770,436 Nanchong
26%
1,007,287 Wanzhou
26%
976,878 Baoshan
24%
4,091,893 Jinghong
23%
1,364,931 Ordos
21%
1,003,825 Hotan
20%
770,250 Tengchong
19%
1,266,998 Aksu
18%
777,257 Bijie
18%
1,892,713 Mangshi
17%
1,042,558 Xingyi
13%
1,526,590 Hailar
12%
1,417,094 Korla
11%
1,450,420 Renhuai
2%
No matching quizzes found
Score Distribution
Percent of People with Each Score
Percentile by Number Answered
Your Score History
You have not taken this quiz